What's New Scooby Doo Lyrics (Simple Plan / Anarbor) - Statistics

General Stats
  • This quiz has been taken 968 times
  • The average score is 89 of 127
Answer Stats
Answer % Correct
Doo?
98%
Doo,
98%
Scooby
98%
What's
93%
new,
91%
you
91%
you,
91%
we
83%
mystery
80%
mystery,
80%
solve
79%
after
78%
coming
78%
that
77%
We're
74%
we're
74%
Gonna
73%
gonna
73%
I
69%
see
64%
the
64%
The
64%
to
52%
back
49%
back,
49%
Na
48%
na
48%
for
46%
find
45%
clue
44%
Snax
44%
be
43%
will
42%
waiting
40%
here
39%
another
38%
trail
38%
Don't
37%
leads
36%
look
36%
follow
32%
may
28%
No matching quizzes found
Score Distribution
Percent of People with Each Score
Percentile by Number Answered
Your Score History
You have not taken this quiz